[Event "SR 2. liga A 2013/2014"]
[Site "?"]
[Date "2014.02.01"]
[Round "7.2"]
[White "Lelkes, Geza"]
[Black "Kosar, Mikulas st"]
[Result "0-1"]
[WhiteElo "1641"]
[BlackElo "1701"]
[PlyCount "104"]
[EventDate "2013.??.??"]

1. e4 e5 2. b3 Nf6 3. Nc3 Bb4 4. Nge2 Nc6 5. Bb2 O-O 6. Ng3 d6 7. Be2 Nd4 8.
O-O Nxe2+ 9. Ncxe2 Bg4 10. c3 Bc5 11. h3 Bh5 12. d4 Bb6 13. dxe5 dxe5 14. Qxd8
Raxd8 15. c4 Bxe2 16. Nxe2 Nxe4 17. Bxe5 Rfe8 18. Bh2 Rd2 19. b4 Rxe2 20. c5
Nxc5 21. bxc5 Bxc5 22. Bxc7 b6 23. a4 h6 24. a5 R8e7 25. axb6 axb6 26. Ra8+ Kh7
27. Bg3 f6 28. h4 R7e4 29. Rc8 f5 30. Rxc5 bxc5 31. f3 Re6 32. Bf2 c4 33. Rc1
Rc6 34. Kf1 Re8 35. h5 c3 36. Bd4 Rec8 37. g4 fxg4 38. fxg4 c2 39. Be3 Rb8 40.
g5 hxg5 41. Bxg5 Rb1 42. Ke2 Rxc1 43. Bxc1 Rd6 44. Bd2 Kg8 45. Ke1 Kf7 46. Ke2
Ke7 47. Ke3 Kd7 48. Ke2 Kc6 49. Ke3 Kc5 50. Bc1 Kc4 51. Bd2 Kb3 52. Ke2 Kb2 0-1

[Event "SR 2. liga A 2013/2014"]
[Site "?"]
[Date "2014.02.01"]
[Round "7.2"]
[White "Sandor, Stefan"]
[Black "Gyurkovics, Gergely"]
[Result "1-0"]
[WhiteElo "1657"]
[BlackElo "1676"]
[PlyCount "63"]
[EventDate "2013.??.??"]

1. e4 g6 2. d4 Bg7 3. Nc3 e6 4. Nf3 Ne7 5. Be3 d5 6. e5 h6 7. Qd2 Nf5 8. Bd3
Nxe3 9. fxe3 Nc6 10. Ne2 Ne7 11. O-O-O b6 12. g4 c5 13. c3 a5 14. Nf4 c4 15.
Bc2 b5 16. Nh4 Bf8 17. Qf2 Qb6 18. Nfxg6 fxg6 19. Nxg6 Nxg6 20. Bxg6+ Kd7 21.
Qf6 Be7 22. Qxh8 Bb7 23. Qxh6 b4 24. Qh7 bxc3 25. bxc3 a4 26. Rhf1 a3 27. Rd2
Bc6 28. Rf7 Qd8 29. Rdf2 Rb8 30. Rxe7+ Kc8 31. Rff7 Rb1+ 32. Bxb1 1-0

[Event "SR 2. liga A 2013/2014"]
[Site "?"]
[Date "2014.02.01"]
[Round "7.3"]
[White "Dolnak, Michal"]
[Black "Rohacek, Miroslav"]
[Result "0-1"]
[WhiteElo "2164"]
[BlackElo "2246"]
[PlyCount "74"]
[EventDate "2013.??.??"]

1. d4 d6 2. Nf3 Bg4 3. c4 Nd7 4. Nc3 e5 5. g3 c6 6. Bg2 Be7 7. O-O Ngf6 8. h3
Bh5 9. Nh4 Qc7 10. Nf5 Bf8 11. d5 c5 12. g4 Bg6 13. e4 Bxf5 14. exf5 h6 15. Qf3
Be7 16. Qg3 a6 17. Bd2 Kf8 18. b3 Re8 19. h4 Qd8 20. f3 b5 21. Rfc1 b4 22. Ne2
Nh7 23. Be1 g6 24. fxg6 fxg6 25. f4 Kg7 26. fxe5 dxe5 27. Be4 Ndf6 28. Qg2 Nxe4
29. Qxe4 Bxh4 30. Bg3 Bxg3 31. Nxg3 Ng5 32. Qe2 Rhf8 33. Rf1 Rf4 34. Rxf4 exf4
35. Qb2+ Kh7 36. Nf1 Nf3+ 37. Kg2 Nd4 0-1

[Event "SR 2. liga A 2013/2014"]
[Site "?"]
[Date "2014.02.01"]
[Round "7.3"]
[White "Machalova, Veronika"]
[Black "Slacky, Stanislav"]
[Result "0-1"]
[WhiteElo "2224"]
[BlackElo "2208"]
[PlyCount "74"]
[EventDate "2013.??.??"]

1. e4 Nc6 2. d3 g6 3. g3 Bg7 4. Bg2 d6 5. c3 e5 6. f4 exf4 7. Bxf4 Nge7 8. Nf3
O-O 9. O-O d5 10. Qe2 Bg4 11. h3 Bxf3 12. Bxf3 d4 13. c4 Ne5 14. Nd2 N7c6 15.
Nb3 a5 16. Qd2 b6 17. Nc1 Qe7 18. a3 Rab8 19. Bd1 Nd8 20. Bg4 Nxg4 21. hxg4 Ne6
22. Bh6 a4 23. Bxg7 Kxg7 24. Ne2 Qd6 25. Kg2 b5 26. Rac1 f6 27. Nf4 Nc5 28.
cxb5 Rxb5 29. Rh1 g5 30. Nd5 c6 31. Qf2 Nxd3 32. Qf5 Rxb2+ 33. Kf1 Rf2+ 34.
Qxf2 Nxf2 35. Kxf2 cxd5 36. Rb1 dxe4 37. Rb7+ Rf7 0-1

[Event "SR 2. liga A 2013/2014"]
[Site "?"]
[Date "2014.02.01"]
[Round "7.3"]
[White "Bronis, Marian"]
[Black "Kralovic, Andrej"]
[Result "1/2-1/2"]
[WhiteElo "2175"]
[BlackElo "2172"]
[PlyCount "81"]
[EventDate "2013.??.??"]

1. d4 Nf6 2. c4 e6 3. g3 d5 4. Bg2 Be7 5. Nf3 O-O 6. O-O dxc4 7. Qc2 a6 8. a4
Bd7 9. Qxc4 Bc6 10. Rd1 Nbd7 11. Nc3 Nb6 12. Qb3 Nbd5 13. Bd2 a5 14. Nb5 Nb4
15. Nc3 Ra6 16. Bf4 Rb6 17. Qc4 Nbd5 18. Ne5 Nxf4 19. Bxc6 Nh3+ 20. Kg2 Nxf2
21. Kxf2 bxc6 22. Nxc6 Qd6 23. Nxe7+ Qxe7 24. h3 Rxb2 25. Rab1 Rc2 26. Rd3 Ne4+
27. Ke1 Rd8 28. Re3 Nd2 29. Nd5 exd5 30. Qxd5 Qf6 31. Kd1 g6 32. Rb8 Qf1+ 33.
Kxc2 Rxb8 34. Kxd2 Rb2+ 35. Kd3 Qd1+ 36. Ke4 Qh1+ 37. Ke5 Qxh3 38. Qd8+ Kg7 39.
Qf6+ Kh6 40. Qf4+ Kg7 41. Qf6+ 1/2-1/2

[Event "SR 2. liga A 2013/2014"]
[Site "?"]
[Date "2014.02.01"]
[Round "7.3"]
[White "Kimerling, Martin"]
[Black "Biro, Karol"]
[Result "1-0"]
[WhiteElo "2109"]
[BlackElo "2190"]
[PlyCount "101"]
[EventDate "2013.??.??"]

1. d4 Nf6 2. c4 c5 3. d5 e5 4. Nc3 d6 5. e4 Be7 6. Be2 a6 7. Nf3 O-O 8. O-O Ne8
9. Ne1 Bg5 10. Nd3 Nd7 11. a3 Rb8 12. b4 b5 13. bxc5 dxc5 14. Rb1 Bxc1 15. Qxc1
Nd6 16. cxb5 axb5 17. f4 f6 18. fxe5 fxe5 19. Rxf8+ Qxf8 20. Bg4 c4 21. Bxd7
cxd3 22. Bxb5 Qd8 23. Bxd3 Rxb1 24. Qxb1 Qa5 25. Qb4 Qa7+ 26. Kf1 Qe3 27. Be2
Qc1+ 28. Nd1 Ba6 29. Bxa6 Qxd1+ 30. Kf2 Qc2+ 31. Kf3 Qc7 32. Bd3 Kf7 33. a4 Ke7
34. Qb2 Kf6 35. Qc2 Qa7 36. Qc6 Ke7 37. Bb5 h5 38. a5 Qb8 39. Qb6 Qf8+ 40. Ke2
Nxb5 41. Qxb5 Qf4 42. Qc5+ Kd8 43. Qd6+ Kc8 44. Qc6+ Kd8 45. d6 Qg4+ 46. Kd3
Qd1+ 47. Kc4 Qd4+ 48. Kb5 Qd3+ 49. Kb6 Qb3+ 50. Ka7 Qf7+ 51. Kb8 1-0

[Event "SR 2. liga A 2013/2014"]
[Site "?"]
[Date "2014.02.01"]
[Round "7.3"]
[White "Duriga, Stefan"]
[Black "Machalova, Maria"]
[Result "1-0"]
[WhiteElo "2243"]
[BlackElo "2091"]
[PlyCount "75"]
[EventDate "2013.??.??"]

1. d4 Nf6 2. c4 e6 3. Nf3 b6 4. g3 Bb7 5. Bg2 Be7 6. O-O O-O 7. Nc3 d5 8. Ne5
Nbd7 9. Qa4 c5 10. Nxd7 Nxd7 11. cxd5 cxd4 12. Qxd4 Bf6 13. Qd2 Bxc3 14. bxc3
e5 15. Ba3 Re8 16. Be7 Qc8 17. d6 Bxg2 18. Kxg2 Qb7+ 19. Kg1 Nc5 20. Rfd1 Qd7
21. Qd5 e4 22. Rd4 Rac8 23. a4 Ne6 24. Rc4 Nc5 25. Rd1 a5 26. Rdd4 h6 27. Kg2
Rb8 28. h3 Rbc8 29. g4 Ne6 30. Qb5 Qxb5 31. axb5 Rxc4 32. Rxc4 f6 33. Rc6 Nc5
34. Rxc5 bxc5 35. d7 Ra8 36. b6 a4 37. b7 Rb8 38. d8=Q+ 1-0

[Event "SR 2. liga A 2013/2014"]
[Site "?"]
[Date "2014.02.01"]
[Round "7.3"]
[White "Padysak, Tomas"]
[Black "Petreje, Juraj"]
[Result "1-0"]
[WhiteElo "2065"]
[BlackElo "2106"]
[PlyCount "63"]
[EventDate "2013.??.??"]

1. e4 d5 2. exd5 Qxd5 3. Nc3 Qa5 4. d4 c6 5. Bc4 Nf6 6. Nf3 Bg4 7. h3 Bh5 8. g4
Bg6 9. Ne5 e6 10. Bb3 Ne4 11. Nc4 Qc7 12. Qf3 Bb4 13. Bf4 Qd8 14. O-O-O Nxc3
15. bxc3 Be7 16. h4 h5 17. Rde1 O-O 18. gxh5 Bf5 19. h6 g6 20. h5 g5 21. Be5 f6
22. Bg3 Kh7 23. Ne3 Ba3+ 24. Kd2 Qd7 25. Nxf5 exf5 26. Be6 Qd8 27. Qxf5+ Kh8
28. Qg6 Qe7 29. Bc4 Qh7 30. Bd3 Qf7 31. Re8 Nd7 32. Qxf7 1-0

[Event "SR 2. liga A 2013/2014"]
[Site "?"]
[Date "2014.02.01"]
[Round "7.3"]
[White "Kebis, Milos"]
[Black "Sebo, Viktor"]
[Result "0-1"]
[WhiteElo "1997"]
[BlackElo "2039"]
[PlyCount "60"]
[EventDate "2013.??.??"]

1. c4 e5 2. Nc3 Nf6 3. Nf3 Nc6 4. g3 d5 5. cxd5 Nxd5 6. Bg2 Be6 7. O-O Be7 8.
d3 Qd7 9. Bd2 O-O-O 10. Rc1 h5 11. Ne4 Bh3 12. Bxh3 Qxh3 13. Rxc6 bxc6 14. Qa4
Qe6 15. Rc1 Kb7 16. Nfg5 Qg6 17. h4 Nb6 18. Qb3 f5 19. Nc5+ Bxc5 20. Rxc5 Rd5
21. Rxd5 cxd5 22. a4 Qc6 23. a5 Qa4 24. Qc3 Nd7 25. b4 Rh6 26. Nf7 Rf6 27. a6+
Rxa6 28. Kg2 d4 29. Qc4 Qc6+ 30. e4 Qxc4 0-1

[Event "SR 2. liga A 2013/2014"]
[Site "?"]
[Date "2014.02.01"]
[Round "7.3"]
[White "Sklars, Tomas"]
[Black "Dzavik, Jozef"]
[Result "1-0"]
[WhiteElo "2004"]
[BlackElo "1974"]
[PlyCount "47"]
[EventDate "2013.??.??"]

1. e4 e6 2. d4 d5 3. Nc3 dxe4 4. Nxe4 Be7 5. Nf3 Nf6 6. Nxf6+ Bxf6 7. Be3 Nd7
8. Bc4 O-O 9. Qd2 Nb6 10. Bd3 Nd5 11. Bg5 Bxg5 12. Nxg5 Nf6 13. O-O-O Qd5 14.
Kb1 h6 15. Nf3 b5 16. Ne5 Bb7 17. Rhg1 c5 18. c3 Kh8 19. Bc2 Rad8 20. g4 cxd4
21. cxd4 Ng8 22. g5 g6 23. gxh6 Kh7 24. Qg5 1-0

[Event "SR 2. liga A 2013/2014"]
[Site "?"]
[Date "2014.02.01"]
[Round "7.4"]
[White "Zatko, Gregor"]
[Black "Banas, Jan"]
[Result "0-1"]
[WhiteElo "2188"]
[BlackElo "2293"]
[PlyCount "104"]
[EventDate "2013.??.??"]

1. e4 c5 2. Nf3 d6 3. Bb5+ Bd7 4. Bxd7+ Nxd7 5. O-O Ngf6 6. Nc3 g6 7. d3 Bg7 8.
h3 O-O 9. Be3 b5 10. Qd2 b4 11. Ne2 Re8 12. Ng3 a5 13. Ng5 h6 14. Nf3 h5 15.
Ng5 Nh7 16. Nxh7 Kxh7 17. c4 bxc3 18. bxc3 a4 19. f4 Qa5 20. e5 dxe5 21. f5 Nf6
22. Bg5 Rad8 23. Bxf6 exf6 24. Ne4 Qa6 25. c4 Qc6 26. Qe2 Kg8 27. Rad1 Rd4 28.
g4 h4 29. g5 fxg5 30. f6 Bh6 31. Nf2 Bf8 32. Ne4 Bh6 33. Rf3 Red8 34. Rb1 g4
35. hxg4 Bf4 36. Re1 Qd7 37. Nf2 Bg3 38. g5 Bxf2+ 39. Qxf2 Rg4+ 40. Kf1 Rxg5
41. Qxh4 Rf5 42. Ree3 Rh5 43. Qg3 Qd4 44. Kg2 Rb8 45. Rf2 Qa1 46. Qg4 Qh1+ 47.
Kg3 Qg1+ 48. Kf3 Rf5+ 49. Qxf5 Qd1+ 50. Ke4 gxf5+ 51. Kd5 Rd8+ 52. Kxc5 Qg1 0-1

[Event "SR 2. liga A 2013/2014"]
[Site "?"]
[Date "2014.02.01"]
[Round "7.4"]
[White "Sosovicka, Matej"]
[Black "Certek, Pavel"]
[Result "0-1"]
[WhiteElo "2098"]
[BlackElo "2286"]
[PlyCount "78"]
[EventDate "2013.??.??"]

1. e4 c5 2. Nf3 Nc6 3. d4 cxd4 4. Nxd4 g6 5. c4 Bg7 6. Be3 Nf6 7. Nc3 Ng4 8.
Qxg4 Nxd4 9. Qd1 Ne6 10. Rc1 Qa5 11. Qd2 b6 12. b3 Bb7 13. f3 Be5 14. Nd5 Qxd2+
15. Kxd2 Rc8 16. Be2 Nd4 17. Bd3 Nc6 18. f4 Bb2 19. Rb1 Bg7 20. e5 O-O 21. Be4
Ba8 22. Rhe1 Rfd8 23. Rbd1 d6 24. exd6 e6 25. Nxb6 axb6 26. Bxb6 Rxd6+ 27. Ke3
Bf8 28. Rxd6 Bxd6 29. Rd1 Ba3 30. Rd7 Bc1+ 31. Ke2 Bxf4 32. g3 Bb8 33. Rd1 Be5
34. a4 Bc3 35. Rc1 Bb4 36. c5 Nd4+ 37. Kd3 Nxb3 38. Bxa8 Nxc1+ 39. Kc4 Bxc5 0-1

[Event "SR 2. liga A 2013/2014"]
[Site "?"]
[Date "2014.02.01"]
[Round "7.4"]
[White "Janos, Jozef"]
[Black "Szollos, Ondrej"]
[Result "1-0"]
[WhiteElo "2123"]
[BlackElo "1983"]
[PlyCount "55"]
[EventDate "2013.??.??"]

1. e4 d6 2. d4 Nf6 3. Nc3 c6 4. Nf3 Bg4 5. Be2 Qc7 6. O-O e5 7. Be3 Be7 8. a4
Nbd7 9. h3 Bh5 10. Nd2 Bg6 11. f4 exf4 12. Bxf4 Qb6 13. Nc4 Qb4 14. Na2 Qxa4
15. Nc3 Qb4 16. Ra4 Qxa4 17. Nxa4 b5 18. Nxd6+ Bxd6 19. Bxd6 bxa4 20. e5 Ne4
21. Ba3 Rd8 22. Qe1 c5 23. Bd3 f5 24. exf6 Ndxf6 25. Rxf6 gxf6 26. Bxe4 Kf7 27.
Bxg6+ hxg6 28. Bxc5 1-0

[Event "SR 2. liga A 2013/2014"]
[Site "?"]
[Date "2014.02.01"]
[Round "7.4"]
[White "Kucera, Michal"]
[Black "Tepper, Frantisek"]
[Result "0-1"]
[WhiteElo "1943"]
[BlackElo "2153"]
[PlyCount "67"]
[EventDate "2013.??.??"]

1. e4 Nc6 2. d4 e5 3. dxe5 Nxe5 4. Nc3 Bc5 5. Qe2 d6 6. Be3 Bxe3 7. Qxe3 Nf6 8.
h3 O-O 9. O-O-O Qe7 10. f4 Ng6 11. Re1 c6 12. g4 b5 13. Bd3 Re8 14. Nd1 a6 15.
Nf3 c5 16. f5 Ne5 17. Nxe5 Qxe5 18. g5 Nd7 19. Nf2 c4 20. Ng4 Qc5 21. Bf1 Qxe3+
22. Rxe3 Bb7 23. Bg2 Ne5 24. Rd1 Nxg4 25. hxg4 Rad8 26. Rde1 Re7 27. b3 f6 28.
gxf6 gxf6 29. R3e2 Rc8 30. c3 a5 31. Re3 Rec7 32. Bf1 cxb3 33. axb3 Rg7 34.
Bxb5 0-1

[Event "SR 2. liga A 2013/2014"]
[Site "?"]
[Date "2014.02.01"]
[Round "7.4"]
[White "Fabry, Robert"]
[Black "Antala, Jan"]
[Result "1-0"]
[WhiteElo "2132"]
[BlackElo "1916"]
[PlyCount "59"]
[EventDate "2013.??.??"]

1. Nf3 Nf6 2. b3 g6 3. Bb2 Bg7 4. e3 c5 5. Be2 O-O 6. O-O d6 7. d4 Ne4 8. Nbd2
Nxd2 9. Qxd2 Nc6 10. Rfd1 Bf5 11. c3 cxd4 12. cxd4 Rc8 13. d5 Bxb2 14. Qxb2 Nb4
15. Bc4 Be4 16. Ne1 b5 17. Bxb5 Nc2 18. Nxc2 Rxc2 19. Qd4 Rc5 20. Bc6 Bf5 21.
b4 e5 22. Qd2 Rc2 23. Qe1 Qg5 24. Rd2 Bh3 25. f4 Rxd2 26. fxg5 Rxg2+ 27. Kh1
Rxg5 28. Qh4 Bg2+ 29. Kg1 f6 30. Qxg5 1-0

[Event "SR 2. liga A 2013/2014"]
[Site "?"]
[Date "2014.02.01"]
[Round "7.4"]
[White "Jurcak, Marian"]
[Black "Mikulas, Dusan"]
[Result "1/2-1/2"]
[WhiteElo "1868"]
[BlackElo "2112"]
[PlyCount "22"]
[EventDate "2013.??.??"]

1. d4 d5 2. c4 e6 3. Nc3 Nf6 4. cxd5 exd5 5. Bg5 Be7 6. e3 Nbd7 7. Nf3 c6 8. a4
a5 9. Bd3 Ne4 10. Bxe7 Qxe7 11. O-O O-O 1/2-1/2

[Event "SR 2. liga A 2013/2014"]
[Site "?"]
[Date "2014.02.01"]
[Round "7.4"]
[White "Kolman, Richard"]
[Black "Sosovicka, Vladimir"]
[Result "1-0"]
[WhiteElo "2072"]
[BlackElo "1619"]
[PlyCount "55"]
[EventDate "2013.??.??"]

1. d4 d5 2. Nf3 Nf6 3. Bg5 e6 4. Nbd2 Nbd7 5. e3 Be7 6. Bd3 h6 7. Bh4 O-O 8.
O-O c5 9. c3 b6 10. Ne5 Bb7 11. f4 Ne4 12. Bxe7 Qxe7 13. Qc2 Nxe5 14. fxe5 Nxd2
15. Qxd2 f6 16. exf6 Rxf6 17. Rxf6 Qxf6 18. Rf1 Qe7 19. Qf2 Rf8 20. Bh7+ Kxh7
21. Qxf8 Qg5 22. Qf4 Qxf4 23. Rxf4 Kg6 24. Kf2 c4 25. Kg3 b5 26. Rf8 a5 27. Kf4
b4 28. a3 1-0

[Event "SR 2. liga A 2013/2014"]
[Site "?"]
[Date "2014.02.01"]
[Round "7.5"]
[White "Cajka, Tibor"]
[Black "Maslik, Miroslav"]
[Result "0-1"]
[WhiteElo "2162"]
[BlackElo "2366"]
[PlyCount "58"]
[EventDate "2013.??.??"]

1. e4 e6 2. d4 d5 3. exd5 exd5 4. Nf3 Bg4 5. Bf4 Bd6 6. Bxd6 Qxd6 7. c3 Nf6 8.
Bd3 Qe6+ 9. Kf1 O-O 10. Nbd2 Nbd7 11. Qc2 Rfe8 12. h3 Bh5 13. g3 Bg6 14. Re1
Bxd3+ 15. Qxd3 Qb6 16. Kg2 Qxb2 17. Rb1 Qa3 18. Rxb7 c5 19. Qb5 a6 20. Qb2 Qa4
21. Rb1 Ne4 22. c4 Qc6 23. cxd5 Qxd5 24. Nc4 Ng5 25. Qb3 Rad8 26. Na5 c4 27.
Rxd7 Rxd7 28. Nxc4 Nxf3 29. Ne3 Qxb3 0-1

[Event "SR 2. liga A 2013/2014"]
[Site "?"]
[Date "2014.02.01"]
[Round "7.5"]
[White "Gazi, Mikulas"]
[Black "Jozefek, Michal"]
[Result "0-1"]
[WhiteElo "2108"]
[BlackElo "2168"]
[PlyCount "92"]
[EventDate "2013.??.??"]

1. e4 c5 2. Nf3 Nc6 3. d4 cxd4 4. Nxd4 g6 5. Nc3 Bg7 6. Be3 Nf6 7. Qd2 O-O 8.
O-O-O Ng4 9. Nxc6 bxc6 10. Bd4 Bxd4 11. Qxd4 Qb6 12. Qxb6 axb6 13. Rd2 d6 14.
h4 Be6 15. b3 Ra5 16. f3 Nf6 17. g4 b5 18. a4 bxa4 19. Nxa4 c5 20. Nc3 Rb8 21.
Rd1 Rb4 22. Nd5 Bxd5 23. exd5 Ra1+ 24. Kd2 Rxd1+ 25. Kxd1 Nxd5 26. Kd2 Rd4+ 27.
Kc1 Rf4 28. Be2 Kg7 29. h5 Kf6 30. hxg6 hxg6 31. Rh7 Nc7 32. Kd2 Rd4+ 33. Kc1
Ne6 34. Rh1 Rf4 35. c3 Ng5 36. Rf1 e5 37. Kd2 e4 38. Ke3 Ke5 39. Rb1 exf3 40.
Bf1 Re4+ 41. Kf2 Kf4 42. b4 Re3 43. b5 Ne4+ 44. Kg1 Kg3 45. b6 f2+ 46. Kh1 Re1
0-1

[Event "SR 2. liga A 2013/2014"]
[Site "?"]
[Date "2014.02.01"]
[Round "7.5"]
[White "Bury, Rastislav"]
[Black "Janos, Ivan"]
[Result "0-1"]
[WhiteElo "2120"]
[BlackElo "2105"]
[PlyCount "92"]
[EventDate "2013.??.??"]

1. Nf3 Nf6 2. g3 g6 3. Bg2 Bg7 4. O-O d6 5. c4 O-O 6. Nc3 c6 7. d4 Qa5 8. e4
Bg4 9. h3 Bxf3 10. Bxf3 Nbd7 11. Be2 a6 12. Be3 b5 13. Qc2 Rac8 14. f4 c5 15.
d5 Rb8 16. e5 dxe5 17. fxe5 Nxe5 18. Bxc5 Qc7 19. b4 bxc4 20. Rad1 Rfd8 21. Kh2
h5 22. Rxf6 exf6 23. d6 Qd7 24. Nd5 f5 25. Bxc4 Nxc4 26. Qxc4 Re8 27. Nb6 Rxb6
28. Bxb6 h4 29. Bf2 Be5 30. Qxh4 Kg7 31. Qc4 Re6 32. Qxa6 Bxd6 33. Bc5 Bxg3+
34. Kxg3 Qxd1 35. Qc4 Qe1+ 36. Bf2 Qe5+ 37. Kg2 Qe4+ 38. Qxe4 fxe4 39. Bd4+ Kf8
40. a4 Ke8 41. b5 Rd6 42. Ba7 Kd7 43. a5 Rd2+ 44. Kf1 Rb2 45. b6 Kc6 46. a6
Rxb6 0-1

[Event "SR 2. liga A 2013/2014"]
[Site "?"]
[Date "2014.02.01"]
[Round "7.5"]
[White "Syrovy, Ivan"]
[Black "Jablonicky, Frantisek"]
[Result "1/2-1/2"]
[WhiteElo "2029"]
[BlackElo "2146"]
[PlyCount "92"]
[EventDate "2013.??.??"]

1. e4 c6 2. d4 d5 3. Nd2 dxe4 4. Nxe4 Nf6 5. Nxf6+ gxf6 6. g3 Qd5 7. Nf3 Bf5 8.
c3 Qe4+ 9. Qe2 Qxe2+ 10. Bxe2 e6 11. Nh4 Be4 12. f3 Bc2 13. Be3 Nd7 14. Rc1 Bg6
15. Nxg6 hxg6 16. c4 Bh6 17. Kf2 e5 18. d5 c5 19. a3 Ke7 20. b4 Bxe3+ 21. Kxe3
Kd6 22. h4 Rh6 23. Rh2 b6 24. g4 Rah8 25. Rch1 g5 26. h5 f5 27. Bd3 e4 28. fxe4
Ne5 29. Be2 f4+ 30. Kf2 f3 31. Bxf3 Rf6 32. Rh3 Nxg4+ 33. Ke2 Ne5 34. Rg3 Rf4
35. h6 f6 36. h7 Nxc4 37. Rh6 Ne5 38. Rxg5 Rxh7 39. Rxh7 fxg5 40. Bg2 Rg4 41.
Rh6+ Kc7 42. Rh7+ Kb8 43. Rh8+ Kb7 44. Rh7+ Ka6 45. Kf2 Rf4+ 46. Kg3 Rg4+
1/2-1/2

[Event "SR 2. liga A 2013/2014"]
[Site "?"]
[Date "2014.02.01"]
[Round "7.5"]
[White "Jablonicky, Martin"]
[Black "Hartl, Jan"]
[Result "1-0"]
[WhiteElo "1967"]
[BlackElo "2094"]
[PlyCount "53"]
[EventDate "2013.??.??"]

1. Nf3 d5 2. d4 Nf6 3. c4 e6 4. Nc3 Be7 5. g3 O-O 6. Qd3 Nbd7 7. Bg2 c5 8. cxd5
exd5 9. O-O b6 10. Ng5 g6 11. Nxd5 Nxd5 12. Bxd5 Rb8 13. h4 Nf6 14. Bg2 cxd4
15. Bf4 Bf5 16. Qd2 Rc8 17. Rac1 Qd7 18. Nf3 Rfd8 19. Ne5 Qe6 20. Nc6 Rxc6 21.
Rxc6 Qxa2 22. Bg5 Be6 23. Rc7 h6 24. Rxe7 hxg5 25. Qxg5 Kg7 26. h5 Nxh5 27.
Rxe6 1-0

[Event "SR 2. liga A 2013/2014"]
[Site "?"]
[Date "2014.02.01"]
[Round "7.5"]
[White "Zacik, Anton"]
[Black "Pericka, Tomas"]
[Result "0-1"]
[WhiteElo "1959"]
[BlackElo "1994"]
[PlyCount "64"]
[EventDate "2013.??.??"]

1. e4 c5 2. d4 cxd4 3. c3 Nc6 4. Nf3 d5 5. exd5 Qxd5 6. Be2 e5 7. O-O Nf6 8.
Bg5 e4 9. Bxf6 gxf6 10. Nxd4 Bd7 11. Nb5 Qxd1 12. Rxd1 O-O-O 13. N1a3 a6 14.
Nd6+ Bxd6 15. Rxd6 Be6 16. Rxc6+ bxc6 17. Bxa6+ Kc7 18. Bc4 Rd2 19. Bxe6 fxe6
20. Nc4 Rc2 21. Rb1 Rd8 22. Kf1 f5 23. g3 h5 24. Ke1 h4 25. a4 hxg3 26. hxg3
Rh8 27. Ne3 Rh1+ 28. Nf1 e5 29. b4 f4 30. b5 f3 31. b6+ Kb7 32. Kd1 Rxf2 0-1

[Event "SR 2. liga A 2013/2014"]
[Site "?"]
[Date "2014.02.01"]
[Round "7.5"]
[White "Gasa, Patrik"]
[Black "Srna, Jan"]
[Result "1/2-1/2"]
[WhiteElo "1956"]
[BlackElo "1960"]
[PlyCount "38"]
[EventDate "2013.??.??"]

1. d4 e6 2. c4 f5 3. Nc3 d5 4. Nf3 c6 5. Qb3 Nf6 6. Bg5 Be7 7. e3 O-O 8. Bd3
Kh8 9. h3 Ne4 10. Bxe7 Qxe7 11. Ne2 Nd7 12. Rd1 b6 13. O-O Bb7 14. Qc2 a5 15.
Ne5 Nxe5 16. dxe5 Qc7 17. Bxe4 fxe4 18. cxd5 exd5 19. Rxd5 Qe7 1/2-1/2

[Event "SR 2. liga A 2013/2014"]
[Site "?"]
[Date "2014.02.01"]
[Round "7.5"]
[White "Fuchs, Ladislav"]
[Black "Ocko, Martin"]
[Result "1-0"]
[WhiteElo "1921"]
[BlackElo "1736"]
[PlyCount "83"]
[EventDate "2013.??.??"]

1. e4 c5 2. Nf3 Nc6 3. d4 cxd4 4. Nxd4 g6 5. Nc3 Bg7 6. Be3 Nf6 7. Bc4 O-O 8.
Bb3 a6 9. f3 Qc7 10. Qd2 Na5 11. O-O-O e5 12. Nde2 Nxb3+ 13. axb3 b5 14. Nd5
Nxd5 15. Qxd5 Rb8 16. Qd6 Qxd6 17. Rxd6 Re8 18. Nc3 Re6 19. Rhd1 Bf8 20. R6d3
Kg7 21. Nd5 Rc6 22. g4 a5 23. g5 d6 24. h4 Be6 25. Rc3 Bxd5 26. Rxd5 Rxc3 27.
bxc3 Be7 28. Kb2 Rb7 29. c4 bxc4 30. Rxa5 cxb3 31. cxb3 f5 32. Ra7 Rxa7 33.
Bxa7 Kf7 34. Kc3 Ke6 35. Kc4 h6 36. gxh6 Bxh4 37. b4 Kf7 38. b5 Bd8 39. Kd5
fxe4 40. fxe4 Kf6 41. b6 g5 42. b7 1-0

[Event "SR 2. liga A 2013/2014"]
[Site "?"]
[Date "2014.02.01"]
[Round "7.6"]
[White "Liptak, Dusan"]
[Black "Federic, Jozef"]
[Result "1-0"]
[WhiteElo "2108"]
[BlackElo "2269"]
[PlyCount "109"]
[EventDate "2013.??.??"]

1. d4 d5 2. c4 e6 3. Nf3 Be7 4. Nc3 Nf6 5. Bf4 O-O 6. e3 a6 7. c5 Nh5 8. Bd3
Nxf4 9. exf4 Nd7 10. O-O Re8 11. Qc2 Nf8 12. Rfe1 Bd7 13. b4 Bf6 14. g3 Re7 15.
Kg2 Qe8 16. h4 Bb5 17. Bxb5 axb5 18. a4 bxa4 19. b5 c6 20. Rxa4 cxb5 21. Rxa8
Qxa8 22. Nxb5 Nd7 23. Rb1 Nb8 24. Qb2 Nc6 25. Ne5 Bxe5 26. fxe5 h6 27. Ra1 Qb8
28. Nd6 Kh7 29. Ra4 Rd7 30. Qb1+ Kg8 31. Qa1 Rd8 32. Qb2 Rd7 33. Qb6 Kh7 34.
Qb2 Kg8 35. Ra3 Qc7 36. g4 Qd8 37. Kh3 Qb8 38. g5 hxg5 39. hxg5 Qd8 40. Kg4 f5+
41. Kf4 Ne7 42. Kg3 Nc6 43. f4 Qe7 44. g6 Qd8 45. Qh2 Ne7 46. Qh7+ Kf8 47. Kf2
Ng8 48. Nf7 Qe8 49. Ng5 Re7 50. Kg3 b6 51. cxb6 Qc6 52. Qh8 Re8 53. Nh7+ Ke7
54. Qxg7+ Kd8 55. Ra8+ 1-0

[Event "SR 2. liga A 2013/2014"]
[Site "?"]
[Date "2014.02.01"]
[Round "7.6"]
[White "Federic, Pavol"]
[Black "Arendas, Marek"]
[Result "1/2-1/2"]
[WhiteElo "2172"]
[BlackElo "2096"]
[PlyCount "130"]
[EventDate "2013.??.??"]

1. e4 c6 2. d4 d5 3. Nc3 dxe4 4. Nxe4 Nd7 5. Nf3 Ngf6 6. Ng3 e6 7. Bd3 c5 8.
O-O Be7 9. c4 cxd4 10. Nxd4 Nc5 11. Bc2 a5 12. Be3 O-O 13. Qf3 Bd7 14. Rfd1 Qc8
15. h3 Rd8 16. b3 Na6 17. Ne4 Nb4 18. Nxf6+ Bxf6 19. Be4 Nc6 20. Nxc6 Bxc6 21.
Bb6 Re8 22. Rac1 e5 23. Rd6 Bxe4 24. Qxe4 Be7 25. Rd5 Ba3 26. Rcd1 Qc6 27. Qe3
a4 28. c5 Bb2 29. Rd6 Qb5 30. Qe4 axb3 31. axb3 Bd4 32. Qxb7 Qxb3 33. R1xd4
exd4 34. c6 Rab8 35. Qxb8 Rxb8 36. c7 Re8 37. Rd8 Qe6 38. Bxd4 f6 39. Bc5 Qc6
40. Bd6 Kf7 41. Bg3 Ke7 42. Bd6+ Kf7 43. h4 Re1+ 44. Kh2 Rc1 45. c8=Q Qxc8 46.
Rxc8 Rxc8 47. Bf4 h5 48. Be3 Ke6 49. g3 Kf5 50. Kh3 Rc3 51. Bd4 Rd3 52. Bc5 Ke4
53. Kg2 Rf3 54. Bf8 g6 55. Be7 Rf5 56. Bd8 Kd3 57. Bb6 Ke2 58. Bd4 g5 59. hxg5
fxg5 60. Be3 Kd3 61. g4 hxg4 62. Kg3 Ke4 63. Kxg4 Rf3 64. Kxg5 Rxe3 65. fxe3
Kxe3 1/2-1/2

[Event "SR 2. liga A 2013/2014"]
[Site "?"]
[Date "2014.02.01"]
[Round "7.6"]
[White "Liptak, Tomas"]
[Black "Dugovic, Branislav"]
[Result "0-1"]
[WhiteElo "2108"]
[BlackElo "2175"]
[PlyCount "110"]
[EventDate "2013.??.??"]

1. e4 d5 2. exd5 Nf6 3. d4 Bg4 4. f3 Bf5 5. c4 e6 6. dxe6 Nc6 7. Bd3 Bxd3 8.
Qxd3 Qxd4 9. Qxd4 Nxd4 10. Kd1 O-O-O 11. Bd2 Nxe6 12. Ne2 Bc5 13. Kc2 Rhe8 14.
Nbc3 Bd4 15. Rad1 Nd7 16. Nb5 Bb6 17. Bc3 a6 18. Nbd4 Nxd4+ 19. Nxd4 Ne5 20.
Kb3 Bxd4 21. Bxd4 Nc6 22. Bc3 Re2 23. Rxd8+ Nxd8 24. Rg1 f6 25. h4 Ne6 26. g4
Re3 27. g5 f5 28. Rf1 Nd4+ 29. Kb4 Rxf3 30. Rxf3 Nxf3 31. Bxg7 Nxh4 32. Kc5 Kd7
33. Kd5 Nf3 34. Bf6 b6 35. c5 c6+ 36. Kc4 b5+ 37. Kb4 Nd2 38. Bd4 Ne4 39. Be3
Kc7 40. b3 Kb7 41. a4 Kc8 42. Ka3 Nc3 43. Bd4 Nd5 44. Kb2 Kd7 45. Kc2 Ke6 46.
axb5 axb5 47. Kd3 Nc7 48. Bf6 Kd5 49. Be7 Ne6 50. b4 Nf4+ 51. Ke3 Ng6 52. Bd8
Nf8 53. Kd3 Ne6 54. Bf6 f4 55. Be7 Ke5 0-1